000 00457cam a2200193ua 4500
001 8699
008 150212n ii |||gr||||Z||||||eng
020 _a9788123748147
040 _cMAIN
041 _aeng
082 _a920
100 _aSingh, B.,
_eAuthor.
245 1 _aWhy I am an atheist
_cBy Bhagat Singh
250 _a2nd.
260 _aNew Delhi:
_bNational,
_c2009.
300 _ax,30p.
653 _aBiography, genealogy & insignia
942 _cBK
999 _c7797
_d7797